| 000 | 00715nam a22002177a 4500 | ||
|---|---|---|---|
| 005 | 20250905063955.0 | ||
| 008 | 230111s2004 mx ||||| |||| 00| 0 spa d | ||
| 020 | _a9789682325571 | ||
| 040 |
_aMX-MxUPN _bspa _cMX-MxUPN |
||
| 050 | 4 |
_aHC125 _bG39 2004 |
|
| 100 | 1 |
_aGaleano, Eduardo, _d1940-2015 _928874 |
|
| 245 | _aLas venas abiertas de América Latina | ||
| 250 | _aTercera edición, revisada y corregida | ||
| 260 |
_aMéxico, D.F. : _bSiglo XXI Editores, _c2004. |
||
| 300 | _a379 páginas | ||
| 500 | _aReimpresiones: (8a, 2014) | ||
| 651 | 4 |
_aAmérica Latina _xCondiciones económicas _92747 |
|
| 902 |
_aLilianaChávez/110123 _bNoemiAcosta/010223 |
||
| 942 |
_2lcc _cLIBRO _n0 |
||
| 999 |
_c209058 _d209058 |
||